Central Library OPAC University of Rajshahi

রবীন্দ্রনাথ : কাব্য বিচারের ভূমিকা / (Record no. 44254)

MARC details
000 -LEADER
fixed length control field 00920nam a22002297a 4500
001 - CONTROL NUMBER
control field 44254
003 - CONTROL NUMBER IDENTIFIER
rucl marc code BD-RjUL
005 - DATE AND TIME OF LATEST TRANSACTION
control field 20211209053826.0
008 - FIXED-LENGTH DATA ELEMENTS--GENERAL INFORMATION
fixed length control field 160716s1974 bg ||||| |||| 00| 0 ben d
020 ## - INTERNATIONAL STANDARD BOOK NUMBER
Terms of availability : TK 15.00
035 ## - SYSTEM CONTROL NUMBER
System control number (BD-RjUL)44372
040 ## - CATALOGING SOURCE
Original cataloging agency BD-RjUL
Language of cataloging ben
Transcribing agency BD-RjUL
041 ## - LANGUAGE CODE
Language code of text/sound track or separate title ben
082 ## - DEWEY DECIMAL CLASSIFICATION NUMBER
Edition number 23
Classification number 891.4414
Author mark and year AHR 1974
100 ## - MAIN ENTRY--PERSONAL NAME
Personal name আহসান, সৈয়দ আলী
9 (RLIN) 135878
245 10 - TITLE STATEMENT
Title রবীন্দ্রনাথ : কাব্য বিচারের ভূমিকা /
Statement of responsibility, etc. সৈয়দ আলী আহসান
260 ## - PUBLICATION, DISTRIBUTION, ETC. (IMPRINT)
Place of publication, distribution, etc. ঢাকা :
Name of publisher, distributor, etc. আহমদ পাবলিশিং হাউস,
Date of publication, distribution, etc. ১৯৭৪
300 ## - PHYSICAL DESCRIPTION
Pagination [১০], ২৩১ পৃ. ;
Size ১৮ সেমি.
600 ## - SUBJECT ADDED ENTRY--PERSONAL NAME
Personal name ঠাকুর, রবীন্দ্রনাথ,
Dates associated with a name ১৮৬১-১৯৪১
Personal name Tagore, Robindronath,
Dates associated with a name 1861-1941
942 ## - ADDED ENTRY ELEMENTS (KOHA)
Source of classification or shelving scheme Dewey Decimal Classification
Koha item type Books
Holdings
Lost status Source of classification or shelving scheme Damaged status Not for loan Collection code Permanent Location Current Location Shelving location Date acquired Source of acquisition Cost, normal purchase price Total Checkouts Full call number Date last seen Date checked out Copy number Koha item type
  Dewey Decimal Classification     Non-fiction Central Library, University of Rajshahi Central Library, University of Rajshahi   19/07/1979 Bangla Academy, Dhaka 15.00 2 B 891.4414 AHR 1974 31/08/2023 22/08/2023 C-2 Books